Advanced Introduction To Behavioral Finance (Record no. 43506)

MARC details
000 -LEADER
fixed length control field 01579cam a2200433 i 4500
001 - CONTROL NUMBER
control field 23073533
005 - DATE AND TIME OF LATEST TRANSACTION
control field 20250401153454.0
008 - FIXED-LENGTH DATA ELEMENTS--GENERAL INFORMATION
fixed length control field 230419s2023 enk 000 0 eng d
010 ## - LIBRARY OF CONGRESS CONTROL NUMBER
LC control number 2023936962
016 7# - NATIONAL BIBLIOGRAPHIC AGENCY CONTROL NUMBER
Record control number 021054367
Source Uk
020 ## - INTERNATIONAL STANDARD BOOK NUMBER
International Standard Book Number 1802207007
020 ## - INTERNATIONAL STANDARD BOOK NUMBER
International Standard Book Number 9781802207002
020 ## - INTERNATIONAL STANDARD BOOK NUMBER
International Standard Book Number 1802206981
020 ## - INTERNATIONAL STANDARD BOOK NUMBER
International Standard Book Number 9781802206982
035 ## - SYSTEM CONTROL NUMBER
System control number (OCoLC)on1362500872
041 ## - LANGUAGE CODE
Language code of text/sound track or separate title eng
042 ## - AUTHENTICATION CODE
Authentication code lccopycat
082 04 - DEWEY DECIMAL CLASSIFICATION NUMBER
Classification number 332.6019 BAK
100 1# - MAIN ENTRY--PERSONAL NAME
Author Baker, H. Kent
245 10 - TITLE STATEMENT
Title Advanced Introduction To Behavioral Finance
260 ## - PUBLICATION, DISTRIBUTION, ETC.
Place UK
Publisher Edward Elgar Publisheinr
Publication Year 2023
300 ## - PHYSICAL DESCRIPTION
Extent 160 pages ;
Dimensions 22 cm
504 ## - BIBLIOGRAPHY, ETC. NOTE
Bibliography, etc. note Includes bibliographical references and index.
520 ## - SUMMARY, ETC.
Summary, etc. "Through detailed discussion of the central principles of behavioral finance, this enlightening Advanced Introduction provides a balanced exploration of the broad issues within the field. Chapters explain the continuous development of the discipline and provide a useful differentiation between behavioral finance and standard finance."
650 #0 - SUBJECT ADDED ENTRY--TOPICAL TERM
Subject Investments; Finance
650 #0 - SUBJECT ADDED ENTRY--TOPICAL TERM
Subject Investments
650 #7 - SUBJECT ADDED ENTRY--TOPICAL TERM
Subject Investments
650 #7 - SUBJECT ADDED ENTRY--TOPICAL TERM
Subject Investments
700 1# - ADDED ENTRY--PERSONAL NAME
Co-Author Nofsinger, John R.,
700 1# - ADDED ENTRY--PERSONAL NAME
Co-Author Ricciardi, Victor,
942 ## - ADDED ENTRY ELEMENTS (KOHA)
Koha item type Books
264 #1 - PRODUCTION, PUBLICATION, DISTRIBUTION, MANUFACTURE, AND COPYRIGHT NOTICE
Place of production, publication, distribution, manufacture Cheltenham, UK ;
-- Northampton, MA :
Name of producer, publisher, distributor, manufacturer Edward Elgar,
Date of production, publication, distribution, manufacture, or copyright notice [2023]
264 #4 - PRODUCTION, PUBLICATION, DISTRIBUTION, MANUFACTURE, AND COPYRIGHT NOTICE
Date of production, publication, distribution, manufacture, or copyright notice ©2023
336 ## - CONTENT TYPE
Content type term text
Source rdacontent
337 ## - MEDIA TYPE
Media type term unmediated
Source rdamedia
338 ## - CARRIER TYPE
Carrier type term volume
Source rdacarrier
906 ## - LOCAL DATA ELEMENT F, LDF (RLIN)
a 7
b cbc
c copycat
d 2
e ncip
f 20
g y-gencatlg
Holdings
Withdrawn status Lost status Source of classification or shelving scheme Damaged status Not for loan Home library Current library Shelving location Accession Date Vendor Price Bill number Total Checkouts Full call number Barcode No Date due Date last seen Date last checked out Discount Bill Date Koha item type Suggested By
    Dewey Decimal Classification     IMTN IMTN Rack 10-A 03/26/2025 Raghav Books Private Limited 2220.44 2374 1 332.6019 BAK 33789 01/25/2026 01/15/2026 01/15/2026 33 02/14/2025 Books Dr. Mantha Raghu (Head Librarian)
Designed & Maintained by: LRC IMT Nagpur Contact: lrc@imtnag.ac.in© 2024. All Rights Reserved.